000 00299nam a2200109Ia 4500
008 200302s9999 xx 000 0 und d
100 _aMalcolm Quantrill
245 _aPlain Modern The Architecture of Brian Mackay Lyons
260 _bPrinceton Architectural Press
260 _c2005
300 _a223 P.,
999 _c4991
_d4991